00575nam a22002177a 450000500170000001000260001702000260004303500130006903500170008203500130009903700170011203700130012908200060014210000210014824500580016926000220022727000470024930000210029649000200031770000200033720170824103542.0 a1516EN07 ENG-114667 a9781784751920c399.00 aEN-98199 aB-602128-148 aB-667750 adplbKKP/Ven bDBAD/PUB aN aPatterson, James aNypd red 3 /cby James Patterson [and] Marshall Karp aUKbPenguinc2015 a20 Vauxhall Bridge RoadbLondon eSWIV 25A a434p.c21cm(pbk) aNYPD red series aKarp, Marshall